Historical Figure by Clue #2 - Statistics

General Stats
  • This quiz has been taken 883 times
    695 since last reset
  • The average score is 17 of 30
Answer Stats
Hint Answer % Correct
American President, Founding Father, Independent Party George Washington
93%
Queen of England, Virgin, Golden Age Elizabeth I
90%
British Naturalist, Theory of Evolution, On the Origins of Species Charles Darwin
88%
Queen of Egypt, Caesars Lover, Bitten by an Asp Cleopatra
88%
American Inventor, Lightbulb, Phonograph Thomas Edison
86%
English Playwright, The Globe, King Lear William Shakespeare
85%
French Warrior, Siege of Orleans Burned at the Stake Joan of Arc
82%
German Composer, Deaf, Fur Elise Ludwig Van Beethoven
82%
Leader of the Soviet Union, Georgian Born, World War 2 Joseph Stalin
81%
Russian Monk, Advisor to the Russian Queen, Hard to Kill Rasputin
78%
Queen of Scots, Catholic, Beheaded Mary Stuart
76%
King of Rome, Suckled by Wolf, Killed his Brother Romulus
74%
German Kaiser, World War 1, Awesome Moustache Wilhelm II
71%
King of England, Duke of Normandy, Bastard William I 'the Conqueror'
61%
American Author, Of Mice and Men, Grapes of Wrath John Steinbeck
56%
French Author, Three Musketeers, Count of Monte Cristo Alexandre Dumas
55%
Greek Mathematician, Father of Geometry, Elements Euclid
48%
Roman General, Second Triumvirate, "Lend me your ears" Mark Antony
46%
President of Turkey, Turkish National Movement, Turkish War of Independence Mustafa Kemal 'Ataturk'
46%
German Philosopher, "God is Dead", Syphillis Friedrich Nietzsche
44%
King of Babylon, Code of Law, Conqueror Hammurabi
44%
King of the Zulus, Military Reforms, Assasinated by Half-Brothers Shaka Zulu
35%
Sultan of Egypt, Crusades, Battle of Arsuf Saladin
34%
Roman Christian Martyr, Wrote Love Letters, Married Couples in Secret Saint Valentine
27%
Spanish Pope, Borgia, Italian Wars Alexander VI
26%
Japanese Admiral, Pearl Harbour, Plane Shot Down Isoroku Yamamoto
23%
Empress of the Byzantine Empire, Wife of Justinian, Nika Riots Theodora
20%
British General, War of Spanish Succession, Battle of Blenheim John Churchill "Marlborough"
14%
Chinese Emperor, Unified China, Mercury Poisoning Qin Shi Huang
8%
Leader of the Shawnee, Battle of Tippecanoe, War of 1812 Tecumseh
7%
No matching quizzes found
Score Distribution
Percent of People with Each Score
Percentile by Number Answered
Your Score History
You have not taken this quiz since the last reset